LEADER 01468nam a2200301 u 4500 001 000000022901 003 CaOOAMICUS 005 20070226111158.0 008 940921s1957 be u000 u fre u 035 $a10576654 040 $aPUL$bita 100 1 $aGils, Félix,$cC.S.Sp.$0(OLS)http://pul/name/19397 245 10$aJésus prophète d'après les évangiles synoptiques /$cpar Félix Gils. 260 $aLouvain :$bPublications Universitaires :$bInstituut voor orientalisme,$c1957. 300 $axi, 196 p. ;$c25 cm 490 1 $aOrientalia et biblica Lovaniensia ;$v2 500 $aComprende indici. 500 $aIn testa al front.: Université de Louvain. Institut orientaliste. Universiteit te Leuven. Instituut voor orientalisme. 504 $a"Bibliographie": p. [vii]-xi. 600 04$aIesus Christus$xPerson and offices.$0(OLS)http://pul/subject/14250 630 04$aBiblia.$pN.T.$pEvangelia$xCritica e interpretazione.$0(OLS)http://pul/subject/2670 830 0$aOrientalia et biblica Lovaniensia ;$v2.$0(OLS)http://pul/title/18965 850 $aPUL 852 $aPUL$W1$xSL Religione 1$y3$m9 F 1$j32109$nBK-PRI$b $qStampati$B32109$CPULBib$Z2$F32109 $H $81 941 1 $a8 961 $aINV: 30261 996 $6245$aJésus prophète d'après les évangiles synoptiques$9(OLS)http://pul/title/31890 996 $6260$aLouvain :$bPublications Universitaires :$bInstituut voor orientalisme$9(OLS)http://pul/publisher/57814 LEADER 01652nam a2200349 u 4500 001 000000032860 003 CaOOAMICUS 005 20070226112311.0 008 971023s1962 it aef u000 u ita u 035 $a10774079 040 $aPUL(R)$bita$dBAV 100 1 $aBagatti, Bellarmino,$cO.F.M.,$d1905-$0(OLS)http://pul/name/111 245 12$aL'archeologia cristiana in Palestina /$cBellarmino Bagatti. 260 $aFirenze :$bSansoni,$cc1962. 300 $a283 p., [16] p. di tav. :$bill., piante ;$c17 cm 490 1 $aLe piccole storie illustrate ;$v97 500 $aInclude indici. 504 $aBibliografia: p. 255-262. 650 4$aAntichità cristiane.$0(OLS)http://pul/subject/2303 651 4$aPalestina$xAntichità.$0(OLS)http://pul/subject/16118 651 4$aPalestina$xArcheologia.$0(OLS)http://pul/subject/16119 830 3$aLe piccole storie illustrate ;$v97.$0(OLS)http://pul/title/7025 850 $aPUL 852 $aPUL$W1$xSL Religione 1$y3$m9 H 10$j45210$nBK-PRI$b $qStampati$B45210$CPULBib$Z2$F45210 $H $81 852 $aPUL$W1$xDP1 Fondo Ciprotti$y59$m1534 A 30$j45211$nBK-PRI$b $qFondi$B45211$CPULBib$Z2$F45211 $H $81 852 $aPUL$W1$xDP1 Fondo Cecchetti$y53$m282 C 38$j45212$nBK-PRI$b $qFondi$B45212$CPULBib$Z2$F45212 $HPUL5265 $81 941 1 $a8 941 1 $a1 961 $aINV: 77. -- Fondo Mons. Cecchetti. 961 $aINV: 0459. Fondo Ciprotti 996 $6245$aL'archeologia cristiana in Palestina$9(OLS)http://pul/title/45304 996 $6260$aFirenze :$bSansoni$9(OLS)http://pul/publisher/47896